[Event "Santa Fe op"]
[Site "Santa Fe"]
[Date "2020.02.16"]
[Round "6"]
[White "Leitner, Federico"]
[Black "Caglia, Gaston"]
[Result "0-1"]
[WhiteElo "1355"]
[BlackElo "1531"]
[PlyCount "48"]
[EventDate "2020.02.08"]
[EventType "swiss"]
[EventRounds "7"]
[EventCountry "ARG"]
[SourceTitle "CBM 195 Extra"]
[Source "ChessBase"]
[SourceDate "2020.05.31"]
[SourceVersion "1"]
[SourceVersionDate "2020.05.31"]
[SourceQuality "1"]

1. d4 Nf6 2. Nf3 d5 3. c3 e6 4. Bg5 Be7 5. Bxf6 Bxf6 6. Nbd2 Nd7 7. e4 dxe4 8. Nxe4 b6 9. Bb5 0-0 10. Bc6 Rb8 11. Qa4 a5 12. Rd1 Be7 13. d5 e5 14. Qb3 Nf6 15. d6 cxd6 16. 0-0 Qc7 17. Nxf6+ Bxf6 18. Bd5 Bg4 19. h3 Bh5 20. g4 Bg6 21. h4 Qd7 22. Qc4 Rbc8 23. Qe2 Qxg4+ 24. Kh1 e4 0-1

[Event "Santa Fe Anca op 3rd"]
[Site "Santa Fe"]
[Date "2019.03.24"]
[Round "6"]
[White "Caglia, Gaston"]
[Black "Salazar, Leovys Erix"]
[Result "0-1"]
[WhiteElo "1517"]
[BlackElo "1626"]
[PlyCount "70"]
[EventDate "2019.03.22"]
[EventType "swiss"]
[EventRounds "6"]
[EventCountry "ARG"]
[SourceTitle "CBM 190 Extra"]
[Source "ChessBase"]
[SourceDate "2019.07.15"]
[SourceVersion "1"]
[SourceVersionDate "2019.07.15"]
[SourceQuality "1"]

1. c4 Nf6 2. g3 e5 3. Bg2 Bc5 4. Nc3 a6 5. e3 d6 6. Nge2 0-0 7. 0-0 Re8 8. d4 exd4 9. exd4 Ba7 10. Re1 c6 11. Bg5 Bf5 12. Qd2 Nbd7 13. b4 Nf8 14. d5 Rc8 15. dxc6 bxc6 16. Nd4 Bd7 17. Ne4 Nxe4 18. Bxe4 f6 19. Bf4 Ne6 20. Nxe6 Bxe6 21. Qd3 d5 22. Bxh7+ Kf8 23. c5 Bb8 24. Bd2 Qd7 25. Qxa6 Be5 26. Rad1 Ra8 27. Qd3 Rxa2 28. f4 Bb2 29. Bc3 Ra3 30. Rc1 Bxc1 31. Rxc1 Bf7 32. Bf5 Qe7 33. Qf1 Qe3+ 34. Kh1 d4 35. Re1 Bd5+ 0-1

[Event "Santa Fe Anca op 3rd"]
[Site "Santa Fe"]
[Date "2019.03.23"]
[Round "3"]
[White "Acosta, Carlos Rafael"]
[Black "Caglia, Gaston"]
[Result "1/2-1/2"]
[WhiteElo "1778"]
[BlackElo "1517"]
[PlyCount "57"]
[EventDate "2019.03.22"]
[EventType "swiss"]
[EventRounds "6"]
[EventCountry "ARG"]
[SourceTitle "CBM 190 Extra"]
[Source "ChessBase"]
[SourceDate "2019.07.15"]
[SourceVersion "1"]
[SourceVersionDate "2019.07.15"]
[SourceQuality "1"]

1. c4 c5 2. Nc3 Nf6 3. g3 Nc6 4. Bg2 e6 5. Nf3 d6 6. 0-0 Be7 7. d4 cxd4 8. Nxd4 Bd7 9. e4 0-0 10. Be3 a6 11. Qd2 Ng4 12. Rad1 Nxe3 13. Qxe3 Ne5 14. b3 Qc7 15. h3 Rac8 16. f4 Nc6 17. Kh2 Bf6 18. Nc2 Rfd8 19. f5 Be5 20. Ne2 Ne7 21. fxe6 fxe6 22. Nf4 Rf8 23. Nd3 Rxf1 24. Rxf1 Bf6 25. h4 b5 26. c5 dxc5 27. e5 Nf5 28. Qe4 Be7 29. Qb7 1/2-1/2

[Event "ARG-ch sf U1700/2200"]
[Site "Laguna Paiva"]
[Date "2018.08.19"]
[Round "4"]
[White "Dib, Nadir"]
[Black "Caglia, Gaston"]
[Result "1/2-1/2"]
[WhiteElo "1779"]
[BlackElo "1464"]
[PlyCount "31"]
[EventDate "2018.08.18"]
[EventType "swiss"]
[EventRounds "6"]
[EventCountry "ARG"]
[SourceTitle "EXT 2019"]
[Source "ChessBase"]
[SourceDate "2018.10.10"]
[SourceVersion "1"]
[SourceVersionDate "2018.10.10"]
[SourceQuality "1"]

1. e4 e5 2. Nf3 Nf6 3. Bc4 Nc6 4. d3 Be7 5. c3 0-0 6. Bb3 d5 7. exd5 Nxd5 8. 0-0 Bg4 9. Be3 Bf6 10. Qe2 Re8 11. Nbd2 Nf4 12. Bxf4 exf4 13. Ne4 Ne5 14. Rae1 Bxf3 15. gxf3 Be7 16. d4 1/2-1/2

[Event "FICGS unrated 00005 email"]
[Site "FICGS email"]
[Date "2018.07.07"]
[Round "1"]
[White "Wood, Brian"]
[Black "Caglia, Gaston"]
[Result "1-0"]
[WhiteElo "1277"]
[BlackElo "1700"]
[PlyCount "29"]
[EventDate "2018.??.??"]
[EventType "swiss (corr)"]
[EventRounds "1"]
[SourceTitle "Corr 2022"]
[Source "ChessBase"]
[SourceDate "2021.10.24"]
[SourceVersion "1"]
[SourceVersionDate "2021.10.24"]
[SourceQuality "1"]

1. d4 Nf6 2. c4 g6 3. Nc3 d5 4. cxd5 Nxd5 5. e4 Nxc3 6. bxc3 Bg7 7. Rb1 c5 8. Nf3 Bg4 9. Rxb7 Qa5 10. Qb3 Bxf3 11. Rxb8+ Rxb8 12. Qxb8+ Kd7 13. Bb5+ Ke6 14. d5+ Kf6 15. Qf4# 1-0